Design Management Europe Award 2007

Gespeichert in:
Bibliographische Detailangaben
Format: Buch
Sprache:Englisch
Veröffentlicht: Essen : red dot Edition, 2008
Schlagworte:
Tags: Tag hinzufügen
Keine Tags, Fügen Sie das erste Tag hinzu!

MARC

LEADER 00000nam a22000003a 4500
001 stu168572
005 20141123051921.9
008 080903s2008------------------------eng-d
020 |a 978-3-89939-092-6 
040 |a STU  |b slo 
041 0 |a eng 
245 |a Design Management Europe Award 2007 
260 |a Essen :  |b red dot Edition,  |c 2008 
300 |a 96 s 
650 7 |a design  |2 estusub 
650 7 |a DME  |2 estusub 
650 7 |a dizajn  |2 stusub 
996 |b 284AU04013  |c A*6004 U  |l AAKNAR  |s A  |a 24  |w stu168572_0001